| Tag |
First Indicator |
Second Indicator |
Subfields |
| LEADER |
00000cam a2200000 4500 |
| 001 |
in00000061555 |
| 005 |
20190207093428.0 |
| 008 |
740509s1963 nbu b 001 0 eng u |
| 010 |
|
|
|a 63015929
|
| 035 |
|
|
|a (OCoLC)00881300
|
| 035 |
|
|
|9 AAF8484AM
|
| 040 |
|
|
|c WSU
|d OCL
|d TXA
|d UtOrBLW
|
| 041 |
1 |
|
|a eng
|a spa
|
| 049 |
|
|
|a TXAM
|c 1 [402506]
|
| 050 |
|
0 |
|a F1233.5.D53
|b C613
|
| 090 |
|
|
|a F1233.5.D53
|b C613 1963
|
| 092 |
|
|
|a 327.72
|b C843u
|
| 100 |
1 |
|
|a Cosío Villegas, Daniel,
|d 1898-1976.
|
| 245 |
1 |
4 |
|a The United States versus Porfirio Diaz /
|c by Daniel Cosío Villegas ; translated by Nettie Lee Benson.
|
| 264 |
|
1 |
|a [Lincoln] :
|b University of Nebraska Press,
|c 1963.
|
| 300 |
|
|
|a xii, 259 pages ;
|c 21 cm.
|
| 336 |
|
|
|a text
|b txt
|2 rdacontent
|
| 337 |
|
|
|a unmediated
|b n
|2 rdamedia
|
| 338 |
|
|
|a volume
|b nc
|2 rdacarrier
|
| 500 |
|
|
|a The Cushing Library/Chapman Texas Collection copy is part of the Floyd & Louise Chapman Texas & Borderlands Collection.
|5 TXA
|
| 504 |
|
|
|a Includes bibliographical references and index.
|
| 580 |
|
|
|a Part of the Mexican Revolution Collection.
|
| 600 |
1 |
0 |
|a Díaz, Porfirio,
|d 1830-1915.
|
| 651 |
|
0 |
|a United States
|x Foreign relations
|z Mexico.
|
| 651 |
|
0 |
|a Mexico
|x Foreign relations
|z United States.
|
| 999 |
|
|
|a MARS
|
| 999 |
f |
f |
|s b2b8d421-194d-3559-98bf-7b83b95e1a8e
|i 27b5b9a8-deed-318a-aab9-2afe035bd360
|t 0
|
| 952 |
f |
f |
|p noncirc
|a Texas A&M University
|b College Station
|c Cushing Memorial Library & Archives
|d Cushing: Chapman Texas Collection (Does not check out)
|t 0
|e F1233.5.D53 C613 1963
|h Library of Congress classification
|i unmediated -- volume
|
| 952 |
f |
f |
|p normal
|a Texas A&M University
|b College Station
|c Sterling C. Evans Library
|d Evans: Library Stacks
|t 0
|e F1233.5.D53 C613 1963
|h Library of Congress classification
|i unmediated -- volume
|m A14800676882
|
| 998 |
f |
f |
|a F1233.5.D53 C613 1963
|t 0
|l Evans: Library Stacks
|
| 998 |
f |
f |
|a F1233.5.D53 C613 1963
|t 0
|l Cushing: Chapman Texas Collection (Does not check out)
|